| 000 | 00595nam a2200193 a 4500 | ||
|---|---|---|---|
| 001 | BRCA_7887 | ||
| 005 | 20190320210035.0 | ||
| 008 | 290114s2013----mx-a######---#000-0#spa-# | ||
| 041 | _aspa | ||
| 044 | _amx | ||
| 050 | 4 |
_aNK1414 _b.P74 2013 |
|
| 245 | 1 | 0 |
_aPremio Quórum 2012 _bAño Cero : del Imaginar al Hacer. |
| 260 |
_aMéxico _bQuórum, Consejo de Diseñadores de México _c2013 |
||
| 300 |
_a232 p. _bil. (algunas a color) _c23 cm. |
||
| 546 | _aTexto en : español e inglés | ||
| 650 | 1 | 4 |
_aDiseño _vPremios _zMéxico _919510 |
| 650 | 1 | 4 |
_aDiseñadores mexicanos _919511 |
| 942 |
_2lcc _cB |
||
| 999 |
_c7561 _d7561 |
||